Interview 99 : osobná domáca věštiareň /
Uložené v:
| Hlavný autor: | |
|---|---|
| Ďalší autori: | |
| Médium: | Kniha |
| Jazyk: | Slovak |
| Vydané: |
Nitra :
Hieroglyf,
2009.
|
| Vydanie: | 2. vyd. |
| Témy: | |
| ISBN: |
9788096982233 (brož.) |
| Fyzický popis: |
156 s. : il., tab. ; 20 cm. |
| Tagy: |
Pridať tag
Žiadne tagy, Buďte prvý kto otaguje tento záznam!
|
Titul je dostupný aj v ... 

MARC
| LEADER | 00000nam a2200000 a 4500 | ||
|---|---|---|---|
| 001 | 000364607 | ||
| 005 | 20101116135120.0 | ||
| 008 | 100816s2009 xo lo g 000 0 slo d | ||
| 020 | |a 9788096982233 (brož.) | ||
| 040 | |a SVKKK |b slo |c SVKKK |e AACR2 | ||
| 041 | 0 | |a slo | |
| 044 | |a xo |c SK | ||
| 072 | 7 | |a 133 |x Ezoterizmus. Okultizmus |2 konspekt | |
| 080 | |a 133.3 |2 2001 | ||
| 080 | |a 159.961 |2 2001 | ||
| 080 | |a 133.3:794.43 |2 2001 | ||
| 080 | |a (035) |2 2001 | ||
| 100 | 1 | |a Medzay, Igor, |d 1962-2009 | |
| 245 | 1 | 0 | |a Interview 99 : |b osobná domáca věštiareň / |c Igor Medzay ; [autorka obrazov: Ennie Medzay]. |
| 246 | 3 | 0 | |a Osobná domáca veštiareň |
| 250 | |a 2. vyd. | ||
| 260 | |a Nitra : |b Hieroglyf, |c 2009. | ||
| 300 | |a 156 s. : |b il., tab. ; |c 20 cm. | ||
| 366 | |e 2222 výtl. | ||
| 500 | |a Údaj o il. prevzatý z tiráže | ||
| 650 | 0 | 7 | |a veštenie |2 SVKKKPH |
| 650 | 0 | 7 | |a parapsychológia |2 SVKKKPH |
| 650 | 0 | 7 | |a vykladanie kariet |2 SVKKKPH |
| 655 | 7 | |a príručky |2 SVKKKPH | |
| 700 | 1 | |a Medzay, Ennie |4 ill | |
| 910 | |a svkkk | ||
| 919 | |a 978-80-969822-3-3 | ||
| 998 | |a BK | ||
| 090 | |g SCKHL |k Sklad Hlavná 10 prízemie |a III.217941 |j 1022021 |i 2720225076 |s Absenčne | ||